000 00548nam a22001937a 4500
003 LK-CoMWRAF
005 20231130104823.0
008 231130b |||||||| |||| 00| 0 eng d
020 _a9789555078504
040 _aLK-CoMWRAF
_dLK-CoMWRAF
_eLK-CoMWRAF
041 _asin
082 _a891.483
_bKUM
100 _aකුමාරගමගේ, කුමාරි
245 _aකෙටි කරපු දිග කතා
246 _aKeti karapu diga katha
300 _aපි. 205
650 _aසිංහල නවකතා
942 _cBK
999 _c4265
_d4265